000 00378nam a22001697a 4500
005 20160530154635.0
008 160530b xxu||||| |||| 00| 0 eng d
020 _a978-81-8488-154-7
041 _aeng
082 _b6166
100 _aGupta. Dr. S.L.
_91494
245 _aBrand Management
260 _bHPH
_c2009
300 _a202
650 _aManagement
_9241
942 _cBK
999 _c2190
_d2189